Statistics for UK General Election 2010 Parties

Click here to take the quiz!

General Stats

  • This quiz has been taken 885 times
  • The average score is 10 of 15

Answer Stats

Seats WonParty% Correct
306Conservatives
99%
258Labour
99%
57Liberal Democrats
95%
1Green
92%
6Scottish National Party
89%
0United Kingdom Independence Party
89%
5Sinn Fein
73%
3Plaid Cymru
72%
16Democratic Unionist Party
68%
0British National Party
61%
1Independent
42%
3Social Democratic and Labour Party
40%
1Alliance
34%
1Speaker
14%
0Ulster Conservatives and Unionists New Force
11%

Score Distribution

Percentile by Number Answered

Percent of People with Each Score

Your Score History

You have not taken this quiz